000 00570nam a22001697a 4500
005 20241129100844.0
008 231128b ||||| |||| 00| 0 eng d
020 _a9789715429986
082 _22022
_aDFil 899.2112
_bC598
100 _aCleto, Luna Sicat.
_950199
245 _aHuni at pakpak :
_bmga dula, mga sanaysay /
_cLuna Sicat Cleto.
260 _aQuezon CIty :
_bUniversity of the philippines press,
_c©2022.
300 _axiii, 341 pages :
_billustrations ;
_c23 cm.
650 _aFilipino drama.
_920255
650 _aFilipino essay.
_950238
942 _2ddc
_cDFIL
999 _c18516
_d18516